000 00279nam a22001217a 4500
008 171226b xxu||||| |||| 00| 0 eng d
041 _aeng
080 _a32
100 _a18
101 _aPOL
245 _aFOREIGN INFLUENCES IN AMERICAN LIFE
_cBOWERS.D.F
942 _2udc
_cBK
999 _c39398
_d39398